000
00249nam a2200097Ia 4500
082
_a
EF SABA
245
0
_a
The boy next door
100
_a
Sabatini, Irene London, 2010 - [c.2009]
942
_c
BK
008
210817s9999 xx 000 0 und d
999
_c
180169
_d
180170